Statistics for Asia Map with 8 Extra Borders #5

Click here to take the quiz!

General Stats

  • This quiz has been taken 301 times
  • The average score is 8 of 8

Answer Stats

Country % Correct
Mongolia
97%
Bangladesh
97%
Saudi Arabia
97%
Bhutan
96%
Georgia
96%
Laos
95%
Kyrgyzstan
94%
Cambodia
93%

Score Distribution

Percentile by Number Answered

Percent of People with Each Score

Your Score History

You have not taken this quiz